Vplyv vybraných nástrojov shopper marketingu na nákupné správanie spotrebiteľov diplomová práca

Uložené v:
Podrobná bibliografia
Hlavný autor: Hodošiová, Valéria
Korporativný autor: Obchodná fakulta EU. Katedra marketingu
Ďalší autori: Kopaničová, Janka, 1979-
Médium: Kniha
Jazyk:Slovak
Vydavateľské údaje: Bratislava 2022
Tagy: Pridať tag
Žiadne tagy, Buďte prvý, kto otaguje tento záznam!

MARC

LEADER 00000nbm a2200000 4500
001 0284280
005 20221130083958.6
041 0 |a slo 
044 |a SK 
245 1 0 |a Vplyv vybraných nástrojov shopper marketingu na nákupné správanie spotrebiteľov  |b diplomová práca  |c Valéria Hodošiová ; školiteľ: Janka Kopaničová 
264 1 |a Bratislava  |c 2022 
300 |a 65 s. 
100 1 |a Hodošiová, Valéria 
700 1 |a Kopaničová, Janka, 1979- 
710 2 |a Obchodná fakulta EU. Katedra marketingu